000 01242nam0a22002531 4500
001 rc\471821
005 20260407075707.0
035 _a(NLR Aleph) 005715458
090 _a7422683
_c7422683
100 _a20030616d1988 |||y0rusy50 ca
101 0 _arus
102 _aRU
105 _ay |||||||||
200 1 _aИспользование природных ресурсов и новые решения в проектировании, монтаже и эксплуатации систем вентиляции и пневмотранспорта
_eТез. докл. к зон. семинару, 12-13 мая 1988 г.
_f[Под ред. Б.Н. Сокинина]
210 _a[Пенза]
_cБ. и.
_d1988
215 _a68 с.
_d21
300 _aВ надзаг.: Приволж. Дом науч.-техн. пропаганды, Пенз. инж.-строит. ин-т, Пенз. Центр НТИ и пропаганды
702 1 _aСорокин
_bБ.Н.
_gБорис Николаевич
_4340
712 0 2 _aПриволжский дом науч.-техн. пропаганды
_cПенза
_3RU\NLR\AUTH\884448
_9280386
801 0 _aRU
_bNLR
_gpsbo
801 1 _aRU
_bELAR
_2rusmarc
852 _aNLR
_j88-4/12462
942 _cBOOK
980 _aNB